000
00272nam a2200097Ia 4500
008
240331s9999 xx 000 0 und d
082
_b
SAR
100
_a
Saradamoni, K
245
0
_a
Matriliny transformed :
_b
family, law and ideology in twentieth century Travancore
942
_c
L
999
_c
2199
_d
2199